[Event "44th Rubinstein Mem Open A"]
[Site "Polanica Zdroj POL"]
[Date "2008.08.23"]
[Round "5"]
[White "Barburzynska,M"]
[Black "Jozefczak,A"]
[Result "0-1"]
[WhiteElo "1887"]
[BlackElo "2013"]

1.e4 e6 2.d4 d5 3.Nc3 Nf6 4.e5 Nfd7 5.f4 c5 6.Nf3 Nc6 7.Be3 cxd4 8.Nxd4 a6
9.Qd2 Nxd4 10.Bxd4 Bc5 11.O-O-O Bxd4 12.Qxd4 Qb6 13.Qd2 Nc5 14.Be2 Bd7 15.Rhf1 O-O-O
16.Qd4 Kb8 17.f5 g6 18.f6 Rc8 19.Rf3 Rc7 20.Rh3 Rcc8 21.Kb1 h5 22.Rd2 Rhd8
23.Bd1 Be8 24.Ne2 Ka7 25.Nc3 Nd7 26.Qxb6+ Kxb6 27.Re3 Nb8 28.Ne2 Rc4 29.b3 Rc7
30.c4 Rcd7 31.Rb2 dxc4 32.bxc4+ Ka7 33.Bb3 Rd3 34.Rf3 Nc6 35.Ba4 Rxf3 36.gxf3 Nxe5
37.f4 Nxc4 38.Bxe8 Rxe8 39.Rb4 Nb6 40.Ng3 Nd5 41.Rc4 b5 42.Rc6 Kb7 43.Rd6 Nxf6
44.Ne2 Rc8 45.Rd4 Nd5  0-1

[Event "8th Open"]
[Site "Velika Gorica CRO"]
[Date "2008.08.23"]
[Round "1"]
[White "Slamar,V"]
[Black "Fernandez Quintero,J"]
[Result "1-0"]
[WhiteElo "2217"]
[BlackElo "1958"]

1.e4 e6 2.d4 d5 3.Nc3 Nf6 4.e5 Nfd7 5.f4 c5 6.Nf3 Nc6 7.Be3 cxd4 8.Nxd4 Bc5
9.Qd2 Bxd4 10.Bxd4 Nxd4 11.Qxd4 Qb6 12.O-O-O Qxd4 13.Rxd4 a6 14.Be2 h5 15.Re1 g6
16.Bf3 Rb8 17.Ra4 b6 18.Re3 Bb7 19.g3 Ke7 20.h3 Rhc8 21.g4 hxg4 22.hxg4 Rc4
23.Rxc4 dxc4 24.Be2 Bd5 25.f5 gxf5 26.gxf5 f6 27.fxe6 Bxe6 28.exf6+ Kxf6
29.Ne4+ Kg6 30.Nd6 Nc5 31.Nxc4 Bxc4 32.Bxc4 Na4 33.Bxa6 Nc5 34.Bb5 Kf6 35.b4 Ne6
36.Bd7 Nc7 37.Kb2 Rd8 38.Bh3 Rd6 39.Kb3 Rd4 40.Bg2 Rd6 41.c3 Re6 42.Rd3 Ke7
43.Bh3 Rd6 44.Re3+ Kd8 45.c4 Ne8 46.Kc3 Nc7 47.Re1 Rf6 48.Rd1+ Ke8 49.Bg4 Rf4
50.Rd7 Nb5+ 51.cxb5 Rxg4 52.Rd6 Rg3+ 53.Kc4 Rg4+ 54.Kd5 Rxb4 55.Kc6 Ke7 56.Rd7+ Ke6
57.Rd1 Rb2 58.Re1+ Kf5 59.Kxb6 Rxa2 60.Kb7 Rh2 61.b6 Rb2 62.Kc7 Rc2+ 63.Kb8 Kf6
64.b7 Kf7 65.Ra1 Ke7 66.Ka8  1-0

[Event "U16 Olympiad"]
[Site "Mersin TUR"]
[Date "2008.08.24"]
[Round "10"]
[White "Yuksel,A"]
[Black "Amarasena,K"]
[Result "1-0"]
[WhiteElo "1936"]
[BlackElo "1900"]

1.e4 e6 2.d4 d5 3.Nc3 Nf6 4.e5 Nfd7 5.f4 c5 6.Nf3 Nc6 7.Be3 a6 8.Qd2 cxd4
9.Nxd4 Bc5 10.h4 Nxd4 11.Bxd4 b5 12.O-O-O Qc7 13.Rh3 O-O 14.Rg3 Bb7 15.Re1 Rac8
16.f5 b4 17.f6 bxc3 18.Rxg7+ Kh8 19.Rxh7+  1-0

[Event "X Sants Open"]
[Site "Barcelona ESP"]
[Date "2008.08.29"]
[Round "8"]
[White "Radulski,J"]
[Black "Bartel,Mat"]
[Result "0-1"]
[WhiteElo "2516"]
[BlackElo "2579"]

1.e4 e6 2.d4 d5 3.Nc3 Nf6 4.e5 Nfd7 5.f4 c5 6.Nf3 Nc6 7.Be3 Be7 8.Qd2 O-O
9.Rd1 f6 10.exf6 Nxf6 11.dxc5 Qa5 12.a3 Bxc5 13.Nxd5 Qxd2+ 14.Rxd2 exd5 15.Bxc5 Re8+
16.Re2 Bg4 17.Rxe8+ Rxe8+ 18.Be2 b6 19.Bf2 Nh5 20.Kd2 Nxf4 21.Bb5 Bxf3 22.gxf3 Re6
23.Re1 Ne5 24.Kc3 g5 25.a4 Kf7 26.b4 Nxf3 27.Rxe6 Nxe6 28.Bc6 d4+ 29.Kc4 Nxh2
30.Bg3 Ng4 31.Bb8 h5 32.Bh1 Ne3+ 33.Kd3 a5 34.Ba7 Nf4+ 35.Kxd4 Nxc2+ 36.Kc4 Ne3+
37.Kb5 axb4 38.Bxb6 Ned5 39.a5 b3 40.Bd4 g4 41.Kc4 g3 42.a6 Nc7 43.Be5 b2
44.Bxb2 Nxa6 45.Bf3 Ke6 46.Bb7 Nb8 47.Kd4 g2 48.Bxg2 Nxg2 49.Ke4 Nd7 50.Kf3 Nh4+
51.Kf4 Ng6+ 52.Kg5 h4 53.Kg4 Nde5+ 54.Kh3 Nf3 55.Kg4 Nfe5+ 56.Kh3 Kf5 57.Bd4 Nd3
58.Bb6 Ndf4+ 59.Kh2 Kg4 60.Bd8 h3 61.Bb6 Ne5 62.Bc7 Nf3+ 63.Kh1 Ne2 64.Bd6 Nd2
65.Bc7 Ng3+  0-1

[Event "8th Open"]
[Site "Velika Gorica CRO"]
[Date "2008.08.29"]
[Round "8"]
[White "Kinez,I"]
[Black "Lescan,M"]
[Result "1-0"]
[WhiteElo "2125"]
[BlackElo "1968"]

1.e4 e6 2.d4 d5 3.Nc3 Nf6 4.e5 Nfd7 5.f4 g6 6.Nf3 a6 7.Be3 c5 8.dxc5 Nxc5
9.Be2 b5 10.a3 Bb7 11.O-O Nbd7 12.Qe1 Bg7 13.Rd1 O-O 14.Qd2 Qc7 15.b4 Na4
16.Nxa4 bxa4 17.c4 Rfd8 18.c5 Bf8 19.Rc1 Bc6 20.Nd4 Rdb8 21.Rc3 Be7 22.Rfc1 Nf8
23.Bd3 Be8 24.Qe2 Qc8 25.c6 f6 26.c7 Rb5 27.Nxb5 axb5 28.Bxb5 Nd7 29.Bc6 fxe5
30.Bxa8 d4 31.Bb7 Nb6 32.Bxc8 Nxc8 33.Bxd4 exd4  1-0

[Event "Liga Nacional Ajedrez"]
[Site "Villa Martelli ARG"]
[Date "2008.08.30"]
[Round "4"]
[White "Axarlian,C"]
[Black "Villegas,A"]
[Result "1/2-1/2"]
[WhiteElo "2126"]
[BlackElo "2098"]

1.e4 e6 2.d4 d5 3.Nc3 Nf6 4.e5 Nfd7 5.f4 c5 6.Nf3 Nc6 7.Be3 a6 8.Qd2 cxd4
9.Nxd4 Bb4 10.a3 Ba5 11.b4 Nxd4 12.Bxd4 Bb6 13.Na4 Bxd4 14.Qxd4 O-O 15.Bd3 Qh4+
16.g3 Qg4 17.Nc5 Nxc5 18.bxc5 Bd7 19.Rb1 Bc6 20.O-O h5 21.c3 f5 22.Kg2 h4
23.Rb2 hxg3 24.hxg3 Kf7 25.Be2 Qg6 26.Rh1 Rh8 27.Rbb1 Rh6 28.Rxh6 gxh6 29.Rh1 Ke7
30.Bf3 Rg8 31.Qf2 Rc8 32.Rb1 Qe8 33.Rh1 Qf8 34.Qd4 Kf7 35.Bh5+ Kg8 36.g4 Rc7
37.Kf2 Rg7 38.Rg1 Qe7 39.Qe3 Qh4+ 40.Qg3 Qe7 41.Qe3 Qh4+ 42.Qg3 Qd8 43.Qe3  1/2-1/2

[Event "17th CRO-chT 1b"]
[Site "Sibenik CRO"]
[Date "2008.09.01"]
[Round "5"]
[White "Blagojevic,Sta"]
[Black "Vlahov,D"]
[Result "0-1"]
[WhiteElo "2069"]
[BlackElo "2225"]

1.e4 e6 2.d4 d5 3.Nc3 Nf6 4.e5 Nfd7 5.f4 c5 6.Nf3 Nc6 7.Be3 Qb6 8.Na4 Qa5+
9.c3 cxd4 10.b4 Qc7 11.Nxd4 Nxd4 12.Bxd4 Nb8 13.b5 Nd7 14.Bd3 b6 15.O-O g6
16.Nb2 Nc5 17.Be2 Be7 18.Rc1 Bb7 19.Bf3 Qd7 20.a4 O-O 21.Kh1 a6 22.c4 Rfd8
23.cxd5 Bxd5 24.Bxd5 Qxd5 25.Bxc5 Bxc5 26.Qg4 axb5 27.axb5 Qb3 28.Nc4 Qxb5
29.f5 exf5 30.Rxf5 Qd7 31.Rf4 Qxg4 32.Rxg4 b5 33.Nd6 Bxd6 34.exd6 Rxd6 35.h3 Ra4  0-1

[Event "Open"]
[Site "Herzliya ISR"]
[Date "2008.09.02"]
[Round "1"]
[White "Ben Porat,O"]
[Black "Zifroni,D"]
[Result "0-1"]
[WhiteElo "2179"]
[BlackElo "2489"]

1.e4 e6 2.d4 d5 3.Nc3 Nf6 4.e5 Nfd7 5.f4 c5 6.Nf3 Nc6 7.Be3 Be7 8.Qd2 O-O
9.O-O-O c4 10.f5 b5 11.fxe6 fxe6 12.Ne2 b4 13.Nf4 Qa5 14.Kb1 c3 15.Qe2 b3
16.axb3 cxb2 17.Kxb2 Qa3+ 18.Kb1 Nb4 19.Ne1 Nb6 20.Qg4 Nc4 21.Bxc4 dxc4 22.Nxe6 g6
23.d5 c3  0-1

[Event "1st Women It"]
[Site "Tashkent UZB"]
[Date "2008.09.05"]
[Round "1"]
[White "Sergeeva,M"]
[Black "Nodirjanova,N"]
[Result "1-0"]
[WhiteElo "2325"]
[BlackElo "2118"]

1.e4 e6 2.d4 d5 3.Nc3 Nf6 4.e5 Nfd7 5.f4 c5 6.Nf3 Nc6 7.Be3 a6 8.Qd2 cxd4
9.Nxd4 Bc5 10.Nce2 O-O 11.c3 Qc7 12.g3 b5 13.Bg2 Bb7 14.O-O Ba7 15.Kh1 Nc5
16.Nxc6 Bxc6 17.Bd4 a5 18.f5 Ne4 19.Qe3 exf5 20.Rxf5 b4 21.Nf4 bxc3 22.bxc3 Bxd4
23.cxd4 Qb7 24.Nh5 f6 25.exf6 g6 26.f7+ Rxf7 27.Rxf7 Qxf7 28.Rf1 Qe7 29.Nf6+ Kg7
30.Nxe4 dxe4 31.d5 Bb5 32.Qd4+ Kh6 33.Rf4 Qb4 34.Rh4+  1-0

[Event "5th LGA Premium Cup"]
[Site "Nuernberg GER"]
[Date "2008.09.06"]
[Round "4"]
[White "Klundt,K"]
[Black "Willim,M"]
[Result "1/2-1/2"]
[WhiteElo "2361"]
[BlackElo "2157"]

1.e4 e6 2.d4 d5 3.Nc3 Nf6 4.e5 Nfd7 5.f4 c5 6.Nf3 Nc6 7.Be3 a6 8.Qd2 b5 9.dxc5 b4
10.Ne2 Bxc5 11.Bxc5 Nxc5 12.Ned4 Nxd4 13.Qxd4 Qa5 14.Bd3 Bd7 15.O-O Nxd3
16.cxd3 O-O 17.Qe3 Rfc8 18.Nd4 Qb6 19.Rae1 a5 20.g4 a4 21.f5 a3 22.b3 exf5
23.gxf5 f6 24.e6 Be8 25.Kh1 Rc3 26.Rg1 Ra7 27.e7 Qd6 28.Rxg7+ Kxg7 29.Ne6+ Kh8
30.Qxa7 d4 31.Qxd4 Bc6+ 32.Kg1 Qxe7 33.Qf4 Rxd3 34.Qb8+ Qe8 35.Qxe8+ Bxe8
36.Nc5 Rd8 37.Re7 Kg8 38.Ne4 Bf7 39.Nxf6+ Kf8 40.Rd7 Rxd7 41.Nxd7+ Ke7 42.Nc5 Kd6
43.Nd3 Bxb3 44.Nxb4 Bc4  1/2-1/2

[Event "1st Women It"]
[Site "Tashkent UZB"]
[Date "2008.09.06"]
[Round "2"]
[White "Dauletova,G"]
[Black "Muminova,N"]
[Result "1/2-1/2"]
[WhiteElo "2267"]
[BlackElo "2242"]

1.e4 e6 2.d4 d5 3.Nc3 Nf6 4.e5 Nfd7 5.f4 c5 6.Nf3 Nc6 7.Be3 cxd4 8.Nxd4 Bc5
9.Qd2 O-O 10.O-O-O a6 11.h4 Nxd4 12.Bxd4 b5 13.Rh3 b4 14.Na4 Bxd4 15.Qxd4 Qa5
16.b3 Bb7 17.c3 Rfc8 18.Kb2 bxc3+ 19.Rxc3 Rxc3 20.Qxc3 Qd8 21.g3 Rc8 22.Qd4 Qc7
23.Bd3 Qa5 24.f5 Qc7 25.Re1 f6 26.fxe6 Nxe5 27.Rd1 Nxd3+ 28.Qxd3 Qe5+ 29.Qd4 Qe2+
30.Rd2 Qxe6 31.Nc5 Qc6 32.b4 Rd8 33.Re2 Bc8 34.g4 a5 35.a3 axb4 36.axb4 Qb5
37.Rf2 Qb8 38.Re2 Qg3 39.g5 fxg5 40.hxg5 Qxg5 41.b5 h5 42.b6 h4 43.b7 Bxb7
44.Ne6 Qe7 45.Rg2 Rd7 46.Rxg7+ Qxg7 47.Nxg7 Rxg7 48.Qxh4 Bc6 49.Qd8+ Kh7
50.Qh4+ Kg8 51.Kc3 Bd7 52.Qd8+ Kh7  1/2-1/2

[Event "5th LGA Premium Cup"]
[Site "Nuernberg GER"]
[Date "2008.09.07"]
[Round "6"]
[White "Bachmann,Ax"]
[Black "Berelowitsch,A"]
[Result "0-1"]
[WhiteElo "2511"]
[BlackElo "2557"]

1.e4 e6 2.d4 d5 3.Nc3 Nf6 4.e5 Nfd7 5.f4 c5 6.Nf3 Nc6 7.Be3 cxd4 8.Nxd4 Bc5
9.Qd2 O-O 10.O-O-O a6 11.Nb3 Bb4 12.Bd3 Na5 13.g4 Qc7 14.Nxa5 Bxa5 15.Bd4 Bb6
16.Bxb6 Nxb6 17.Qe3 f6 18.Qh3 g6 19.Qg3 fxe5 20.fxe5 Bd7 21.h4 Nc4 22.Rhe1 Rac8
23.Nb1 Bb5 24.b3 Na5 25.c3 Bxd3 26.Rxd3 Nc6 27.Kb2 Qf7 28.Nd2 Qf2 29.Ka3 Qxg3
30.Rxg3 Rf2 31.Rd3 Rcf8 32.h5 g5 33.c4 a5 34.Rd1 Nb4 35.Rg3 dxc4 36.bxc4 Rd8  0-1

[Event "DMP Ekstraliga"]
[Site "Karpacz POL"]
[Date "2008.09.08"]
[Round "3"]
[White "Macieja,B"]
[Black "Matlak,Mare"]
[Result "1/2-1/2"]
[WhiteElo "2606"]
[BlackElo "2480"]

1.e4 e6 2.d4 d5 3.Nc3 Nf6 4.e5 Nfd7 5.f4 c5 6.Nf3 Nc6 7.Be3 Qb6 8.Na4 Qa5+
9.c3 c4 10.b4 Qc7 11.g3 Be7 12.Bg2 O-O 13.O-O g6 14.Qd2 b5 15.Nc5 a5 16.a3 Nxc5
17.dxc5 Bd7 18.Nd4 Nxd4 19.Bxd4 axb4 20.axb4 Qc6 21.Rae1 Ra6 22.g4 Rfa8 23.f5 Ra2
24.Qf4 Be8 25.Re3 Ra1 26.Rh3 Bf8 27.Qg5 Rxf1+ 28.Bxf1 Ra1 29.Be3 d4 30.Qh4 h5
31.gxh5 dxe3 32.hxg6 Rxf1+ 33.Kxf1 Qh1+ 34.Ke2 Qg2+ 35.Kxe3 Qg1+ 36.Ke2 Qg2+
37.Ke1 Qg1+ 38.Kd2 Qg2+ 39.Kc1 Qf1+ 40.Kb2 Qg2+ 41.Ka3 Qa8+ 42.Kb2 Qg2+ 43.Kc1 Qf1+
44.Kd2 Qg2+ 45.Ke3 Qg1+ 46.Kd2  1/2-1/2

[Event "I Liga Seniorow"]
[Site "Ustron POL"]
[Date "2008.09.08"]
[Round "3"]
[White "Dobrowolski,P"]
[Black "Dudzinski,Pi"]
[Result "0-1"]
[WhiteElo "2426"]
[BlackElo "2303"]

1.e4 e6 2.d4 d5 3.Nc3 Nf6 4.e5 Nfd7 5.f4 c5 6.Nf3 a6 7.Be3 Qb6 8.a3 Nc6 9.Be2 Qa7
10.Qd2 cxd4 11.Nxd4 Bc5 12.Rd1 O-O 13.Bf3 Nxd4 14.Bxd4 b5 15.Ne2 a5 16.b4 Bxd4
17.Nxd4 Nb6 18.Nxb5 Qd7 19.Nd6 Ba6 20.Qd4 Nc8 21.Ne4 Qa4 22.Nc3 Qxa3 23.b5 Bb7
24.O-O Ne7 25.Ra1 Nf5 26.Rxa3 Nxd4 27.Bd1 Rfc8 28.Rf2 Rc5 29.Rd2 Nxb5 30.Nxb5 Rxb5
31.Rd4 f6 32.exf6 gxf6 33.Re3 a4 34.Ra3 e5 35.fxe5 fxe5 36.Rg4+ Kh8 37.Be2 Rb2
38.Rgxa4 Rxa4 39.Rxa4 Rxc2 40.Kf1 d4 41.g4 Rb2 42.h4 Bc6 43.Rc4 Rxe2 44.Rxc6 Re4
45.Re6 Kg7 46.g5 Kf7 47.Rh6 d3 48.Rxh7+ Ke6 49.Rh6+ Ke7 50.Rh7+ Kd6 51.Rh8 Kd7
52.Rh7+ Kc6 53.Ra7 Rxh4 54.Kf2 Rh1 55.Ke3 e4 56.g6 Re1+ 57.Kd2 Re2+ 58.Kc3 Rc2+
59.Kb3 Rc1 60.g7 d2 61.Ra6+ Kc7 62.Ra7+ Kd6 63.Ra6+ Ke5 64.Ra5+ Kf6 65.Rd5 Kxg7
66.Rxd2 Kf6 67.Kb2 Rc4 68.Rc2 Rd4 69.Rf2+ Ke5 70.Kc3 e3 71.Rf8 Rd7 72.Re8+  0-1

[Event "I Liga Seniorow"]
[Site "Ustron POL"]
[Date "2008.09.09"]
[Round "4"]
[White "Dobrowolski,P"]
[Black "Bronowicki,M"]
[Result "1/2-1/2"]
[WhiteElo "2426"]
[BlackElo "2326"]

1.e4 e6 2.d4 d5 3.Nc3 Nf6 4.e5 Nfd7 5.f4 c5 6.Nf3 Nc6 7.Be3 a6 8.Qd2 b5 9.a3 g5
10.Nxg5 cxd4 11.Bxd4 Nxd4 12.Qxd4 Bc5 13.Qd2 Qb6  1/2-1/2

[Event "61st ch-RUS HL"]
[Site "Novokuznetsk RUS"]
[Date "2008.09.10"]
[Round "7"]
[White "Chuprov,D"]
[Black "Chuprikov,D"]
[Result "1-0"]
[WhiteElo "2577"]
[BlackElo "2450"]

1.e4 e6 2.d4 d5 3.Nc3 Nf6 4.e5 Nfd7 5.f4 c5 6.Nf3 Nc6 7.Be3 a6 8.Qd2 b5 9.dxc5 Bxc5
10.Ne2 Na5 11.b3 O-O 12.Ned4 Bb6 13.Bd3 Nc5 14.O-O Ne4 15.Qe1 Bb7 16.a4 bxa4
17.Rxa4 Qc7 18.Kh1 Nc6 19.Nxc6 Qxc6 20.Bxb6 Qxb6 21.Ng5 Nxg5 22.fxg5 g6 23.Rh4 Rac8
24.Qg3 d4 25.Qh3 Qa5 26.Rxh7 Qxe5 27.Qh6 Rc5 28.Rf6 Qe1+ 29.Bf1 Bxg2+ 30.Kg1 Qe3+
31.Rf2  1-0

[Event "61st ch-RUS HL"]
[Site "Novokuznetsk RUS"]
[Date "2008.09.10"]
[Round "7"]
[White "Kalegin,E"]
[Black "Kiriakov,P"]
[Result "1/2-1/2"]
[WhiteElo "2495"]
[BlackElo "2553"]

1.e4 e6 2.d4 d5 3.Nc3 Nf6 4.e5 Nfd7 5.f4 c5 6.Nf3 Nc6 7.Be3 a6 8.Qd2 b5 9.a3 g6
10.Bd3 Qb6 11.Qf2 h5 12.O-O Rb8 13.Kh1 c4 14.Be2 Ne7 15.Nh4 Qc6 16.Bf3 Nb6
17.Qe1 Nf5 18.Nxf5 exf5 19.Bf2 Be6 20.Bh4 Kd7 21.Nd1 Nc8 22.Ne3 Be7 23.Bxe7 Nxe7
24.Qh4 Rhc8 25.c3 a5 26.Nc2 Qb6 27.h3 Rh8 28.Kg1 Qd8 29.Ne3 a4 30.Qf2 h4
31.g4 hxg3 32.Qxg3 Kc6 33.Kf2 Nc8 34.Rh1 Qh4 35.Qxh4 Rxh4 36.Kg3 Rh6 37.h4 Ne7
38.Rh2 Rg8 39.Rg1 Rg7 40.Kf2 Rgh7 41.Rgh1 Rh8 42.h5 Kd7 43.Rh4 R6h7 44.Ng2 Rh6
45.Kg3 Rg8 46.hxg6 Rxh4 47.Nxh4 fxg6 48.Ng2 Ke8 49.Rh6 Kf8 50.Kh4 Kg7 51.Kg5 Bf7
52.Nh4 Rd8 53.Bd1 Rf8 54.Bc2 Rb8 55.Ng2 Be6 56.Nh4 Bf7 57.Ng2 Be6 58.Nh4 Bf7
59.Ng2  1/2-1/2

[Event "Open"]
[Site "Herzliya ISR"]
[Date "2008.09.11"]
[Round "8"]
[White "Bitran,D"]
[Black "Nakar,Ey"]
[Result "0-1"]
[WhiteElo "2174"]
[BlackElo "2087"]

1.e4 e6 2.d4 d5 3.Nc3 Nf6 4.e5 Nfd7 5.Nce2 c5 6.c3 Nc6 7.f4 Qb6 8.a3 Be7
9.Nf3 O-O 10.b4 cxd4 11.cxd4 f6 12.Nc3 fxe5 13.Na4 Qc7 14.fxe5 Ndxe5 15.Be2 Nxf3+
16.Bxf3 Bh4+ 17.Ke2 Nxd4+ 18.Qxd4 Bf6 19.Bf4 Qc2+ 20.Qd2 Qxa4 21.Ra2 Qb5+
22.Kf2 Qb6+ 23.Kg3 Bd4 24.Re1 e5 25.Rxe5 Bxe5 26.Qxd5+ Be6  0-1

[Event "DMP Ekstraliga"]
[Site "Karpacz POL"]
[Date "2008.09.11"]
[Round "6"]
[White "Dworakowska,J"]
[Black "Socko,M"]
[Result "1-0"]
[WhiteElo "2340"]
[BlackElo "2473"]

1.e4 e6 2.d4 d5 3.Nc3 Nf6 4.e5 Nfd7 5.f4 c5 6.Nf3 Nc6 7.Be3 Be7 8.Qd2 O-O
9.g3 cxd4 10.Nxd4 Nxd4 11.Bxd4 Nb8 12.Ne2 Nc6 13.Be3 f6 14.exf6 Bxf6 15.Bc5 Re8
16.O-O-O Bd7 17.Nd4 Rc8 18.Nb3 b6 19.Be3 a5 20.Kb1 a4 21.Nd4 Na5 22.Nf3 b5
23.Bd4 Nc4 24.Bxc4 bxc4 25.Ne5 a3 26.b3 Re7 27.Rhe1 Be8 28.Re3 Bxe5 29.Bxe5 Bg6
30.b4 Qb6 31.Rxa3 c3 32.Qd4 Qb5 33.Rxc3 Ra8 34.a3 Rb7 35.Kb2 Qe2 36.Rd2 Qe1
37.Bd6 Qf1 38.Qe5 Bf7 39.g4 Qa6 40.Bc5 Rb5 41.Rb3 Be8 42.Re2 Qb7 43.Qxe6+ Bf7
44.Qd6 d4 45.Re7 Qc8 46.Qxd4 Rab8 47.f5 R5b7 48.Rbe3 Ra8 49.Qd6 h6 50.Kc1 Rxe7
51.Rxe7 Rxa3 52.Rd7 Ra8 53.Qe7 Qe8 54.Kd2 Qxe7 55.Rxe7 Ra3 56.Bd6 h5 57.g5 g6
58.b5 Ra5 59.b6 Bd5 60.b7 Bxb7 61.Rxb7  1-0

[Event "3rd PGMA Cup"]
[Site "Manila PHI"]
[Date "2008.09.11"]
[Round "7"]
[White "Wan Yunguo"]
[Black "Goh Weiming"]
[Result "0-1"]
[WhiteElo "2471"]
[BlackElo "2403"]

1.e4 e6 2.d4 d5 3.Nc3 Nf6 4.e5 Nfd7 5.f4 c5 6.Nf3 Nc6 7.Be3 a6 8.Qd2 b5 9.a3 g5
10.fxg5 cxd4 11.Nxd4 Ndxe5 12.Be2 Bg7 13.O-O O-O 14.Rad1 Bb7 15.Kh1 Ne7 16.Qe1 Rc8
17.Bh5 Nc4 18.Bc1 Qb6 19.Qf2 Ng6 20.Nce2 Nd6 21.Ng3 a5 22.Bf3 Qd8 23.Nh5 Bh8
24.Bg4 Ne4 25.Qe3 Qe7 26.Bf3 Nd6 27.Be2 Ne4 28.Bxb5 f5 29.gxf6 Bxf6 30.c3 Be5
31.Nf3 Bc7 32.Qh6 Rf7 33.Ng5 Nf2+ 34.Kg1 Bxh2+ 35.Kxh2 Ng4+ 36.Kh1 Rxf1+
37.Rxf1 Nxh6 38.Nf6+ Kg7 39.Bd7 Nf8 40.Bxc8 Bxc8 41.Nh5+ Kh8 42.Rf6 Ng6 43.Be3 e5
44.Bb6 Bg4  0-1

[Event "I Liga Seniorow"]
[Site "Ustron POL"]
[Date "2008.09.12"]
[Round "7"]
[White "Dobrowolski,A"]
[Black "Dudzinski,Pi"]
[Result "1/2-1/2"]
[WhiteElo "2357"]
[BlackElo "2303"]

1.e4 e6 2.d4 d5 3.Nc3 Nf6 4.e5 Nfd7 5.f4 c5 6.Nf3 a6 7.Be3 Qb6 8.a3 Qa7 9.Qd2 Nc6
10.Rd1 cxd4 11.Nxd4 Bc5 12.b4 Bxd4 13.Bxd4 Nxd4 14.Qxd4 Qxd4 15.Rxd4 Nb6
16.a4 Bd7 17.a5 Na4 18.Nxa4 Bxa4 19.Bd3 g6 20.Kd2  1/2-1/2

[Event "61st ch-RUS HL"]
[Site "Novokuznetsk RUS"]
[Date "2008.09.13"]
[Round "10"]
[White "Kokarev,Dm"]
[Black "Volkov,Sergey1"]
[Result "1/2-1/2"]
[WhiteElo "2582"]
[BlackElo "2636"]

1.e4 e6 2.d4 d5 3.Nc3 Nf6 4.e5 Nfd7 5.f4 c5 6.Nf3 Nc6 7.Be3 Qb6 8.Na4 Qa5+
9.c3 b6 10.Bd2 c4 11.b4 Qa6 12.Be2 Be7 13.O-O O-O 14.a3 Rd8 15.Qc2 Nf8 16.Nb2 b5
17.a4 Bd7 18.a5 f6 19.Nd1 Be8 20.exf6 gxf6 21.Ne3 f5 22.Ne5 Bg6 23.Bf3 Rac8
24.Nxg6 hxg6 25.g4 Bf6 26.Kh1 Bxd4 27.gxf5 Bxe3 28.Bxe3 d4 29.cxd4 Nxb4 30.Qg2 exf5
31.d5 Nd3 32.Bd4 Rd7 33.Rg1 Qd6 34.Qh3 Rh7 35.Qxf5 Re8 36.Rg4 Rf7 37.Qh5 Rh7
38.Qf5 Rf7 39.Qh5 Rh7 40.Qg5 b4 41.Rag1 Ne1 42.Bd1 Ree7 43.Qf5 Rh6 44.Bf6 Rg7
45.Qe5 Qxe5 46.fxe5 Rgh7 47.h4 Nd7 48.Rxg6+ Rxg6 49.Rxg6+ Kf8 50.d6 Kf7 51.h5 Nd3
52.Bg4 Nf2+ 53.Kg2 Nxg4 54.Rxg4 Nxf6 55.exf6 Kxf6 56.Rxc4 Ke6 57.Rxb4 Rxh5
58.d7 Kxd7 59.Rb7+ Kc8 60.Rxa7  1/2-1/2

[Event "61st ch-RUS HL"]
[Site "Novokuznetsk RUS"]
[Date "2008.09.13"]
[Round "10"]
[White "Vitiugov,N"]
[Black "Maslak,K"]
[Result "1-0"]
[WhiteElo "2616"]
[BlackElo "2521"]

1.e4 e6 2.d4 d5 3.Nc3 Nf6 4.e5 Nfd7 5.f4 c5 6.Nf3 Nc6 7.Be3 Be7 8.Qd2 O-O
9.Be2 a6 10.O-O b5 11.a3 Bb7 12.Rad1 Rc8 13.Kh1 cxd4 14.Nxd4 Nxd4 15.Bxd4 Bc5
16.Qe3 Qb6 17.Bxc5 Qxc5 18.Qh3 Rce8 19.Bd3 f5 20.Ne2 Qe7 21.Nd4 Nc5 22.g4 g6
23.Rf3 Kh8 24.Rg1 Ne4 25.Qh6 Rg8 26.Rg2 fxg4 27.Rxg4 Ref8 28.Qh4 Qxh4 29.Rxh4 g5
30.fxg5 Rxf3 31.Nxf3 Nf2+ 32.Kg2 Nxd3 33.cxd3 d4 34.Kg3 Bxf3 35.Kxf3 Rxg5
36.Ke4 Rg2 37.b4 Kg7 38.Kxd4 Ra2 39.Rg4+ Kf7 40.Rf4+ Ke7 41.Rh4 Rxa3 42.Rxh7+ Kf8
43.Ra7 Ra4 44.Kc5 Ra3 45.Rd7 Ke8 46.Rd6 Kf7 47.Kb6 Ra4 48.Rd4 Kg6 49.h4 Kf5
50.h5 Kg5 51.Rh4 Kh6 52.Kc5 Ra3 53.d4 a5 54.Kxb5 axb4 55.Kxb4 Ra8 56.Kc5 Rd8
57.Kc6 Rd5 58.Kc7 Ra5 59.Kd7 Ra6 60.Ke7 Rb6 61.Kf6 Ra6 62.Rg4 Kxh5 63.Rg8 Rb6
64.Rd8  1-0

[Event "1st Women It"]
[Site "Tashkent UZB"]
[Date "2008.09.13"]
[Round "9"]
[White "Sergeeva,M"]
[Black "Muminova,N"]
[Result "1-0"]
[WhiteElo "2325"]
[BlackElo "2242"]

1.e4 e6 2.d4 d5 3.Nc3 Nf6 4.e5 Nfd7 5.f4 c5 6.Nf3 Nc6 7.Be3 cxd4 8.Nxd4 Bc5
9.Qd2 a6 10.O-O-O O-O 11.Kb1 Nxd4 12.Bxd4 b5 13.Qe3 Qc7 14.Bxc5 Nxc5 15.f5 exf5
16.Nxd5 Qa7 17.Qf4 Be6 18.g4 fxg4 19.Bg2 Rac8 20.h3 Bxd5 21.Bxd5 Ne6 22.Qxg4 Qc7
23.c3 Nc5 24.Rhg1 g6 25.h4 Qxe5 26.h5 Kh8 27.Bxf7 Qf5+ 28.Qxf5 gxf5 29.Bd5 Rce8
30.h6 Rf6 31.Rd2 Ne4 32.Rdg2 Rff8 33.Bc6 Re6 34.Bd5 Ree8 35.Kc2 Nf6 36.Bb7 Re6
37.Rf2 Rb8 38.Bf3 Rf8 39.Kb3 Rb6 40.Re2 Ng8 41.Kb4 Rxh6 42.Ka5 Rb8 43.Re5 Rf6
44.Rc5 Rd8 45.Rg2 Ne7 46.Rc7 Ng6 47.Rh2 Nf8 48.Rc6 Rf7 49.Rxa6 f4 50.Kxb5 Rd3
51.Rf2 Ng6 52.Be4 Rg3 53.c4 Ne5 54.Bd5 Rf5 55.Rxf4 Rxf4 56.Ra8+ Kg7 57.Rg8+ Kf6
58.Rxg3 Rf5 59.a4 h5 60.a5 Rf2 61.b4 h4 62.Rh3 Kg5 63.a6 Ra2 64.Kb6 Ra4 65.b5 Nd7+
66.Kc6 Nf6 67.Kb7 Nd7 68.a7 Nc5+ 69.Kc6 Kg4 70.Kxc5 Rxa7 71.Be6+  1-0

[Event "61st ch-RUS HL"]
[Site "Novokuznetsk RUS"]
[Date "2008.09.14"]
[Round "11"]
[White "Garakov,M"]
[Black "Chuprikov,D"]
[Result "1-0"]
[WhiteElo "2439"]
[BlackElo "2450"]

1.e4 e6 2.d4 d5 3.Nc3 Nf6 4.e5 Nfd7 5.f4 c5 6.Nf3 Nc6 7.Be3 a6 8.Qd2 b5 9.a3 g5
10.fxg5 cxd4 11.Nxd4 Ncxe5 12.Nf3 h6 13.O-O-O Nxf3 14.gxf3 hxg5 15.Nxd5 exd5
16.Qxd5 Rb8 17.Bh3 Rxh3 18.Rhe1 Qe7 19.Bc5 Rh6 20.Bxe7 Bxe7 21.Rxe7+ Kxe7
22.Qxg5+ Rf6 23.Rxd7+ Bxd7 24.Qe5+  1-0

[Event "1st Women It"]
[Site "Tashkent UZB"]
[Date "2008.09.14"]
[Round "10"]
[White "Muminova,N"]
[Black "Nodirjanova,N"]
[Result "1/2-1/2"]
[WhiteElo "2242"]
[BlackElo "2118"]

1.e4 e6 2.d4 d5 3.Nc3 Nf6 4.e5 Nfd7 5.f4 c5 6.Nf3 Nc6 7.Be3 cxd4 8.Nxd4 Bc5
9.Qd2 O-O 10.O-O-O a6 11.Nb3 b6 12.h4 Qe7 13.h5 a5 14.h6 g6 15.Nb5 a4 16.N3d4 Na5
17.Bf2 Bxd4 18.Bxd4 Nc5 19.Qe1 Ba6 20.Nd6 Bxf1 21.Rxf1 Nab7 22.g4 Nxd6 23.exd6 Qxd6
24.Qh4 Nd7 25.Qf2 f5 26.g5 Nc5 27.Bc3 Kf7 28.Qd4 Ke8 29.Rde1 Ra7 30.Re5 Rff7
31.Bb4 Qc6 32.Re3 Kd7 33.Rd1 Ne4 34.Kb1 Rc7 35.Rc1 Kc8 36.Ra3 Kb8 37.Be1 b5
38.Ba5 Rc8 39.Rd3 Rb7 40.Bb4 Qc7 41.Rf3 Ra7 42.Bc3 Qc6 43.Bb4 Rb7 44.a3 Rd7
45.Re3  1/2-1/2

[Event "Autumn-3"]
[Site "Alushta UKR"]
[Date "2008.09.15"]
[Round "2"]
[White "Kovalev,An"]
[Black "Petrosian,DG"]
[Result "1/2-1/2"]
[WhiteElo "2550"]
[BlackElo "2460"]

1.e4 e6 2.d4 d5 3.Nc3 Nf6 4.e5 Nfd7 5.f4 c5 6.Nf3 Nc6 7.Be3 cxd4 8.Nxd4 Bc5
9.Qd2 Bxd4 10.Bxd4 Nxd4 11.Qxd4 Qb6 12.Qxb6 Nxb6 13.Nb5 Ke7 14.Bd3 Bd7 15.Nd4 Na4
16.O-O-O Nc5  1/2-1/2

[Event "II ROMGAZ Open"]
[Site "Bucharest ROU"]
[Date "2008.09.15"]
[Round "5"]
[White "Vedmediuc,S"]
[Black "Gleizerov,E"]
[Result "1/2-1/2"]
[WhiteElo "2396"]
[BlackElo "2549"]

1.e4 e6 2.d4 d5 3.Nc3 Nf6 4.e5 Nfd7 5.f4 c5 6.Nf3 a6 7.Be3 Qb6 8.Na4 Qa5+
9.c3 cxd4 10.b4 Qc7 11.Qxd4 b5 12.Nb2 f6 13.exf6 Nxf6 14.Nd3 Ne4  1/2-1/2

[Event "IV Geller Memorial"]
[Site "Odessa UKR"]
[Date "2008.09.15"]
[Round "7"]
[White "Tukhaev,A"]
[Black "Drozdovskij,Y"]
[Result "1/2-1/2"]
[WhiteElo "2498"]
[BlackElo "2587"]

1.e4 e6 2.d4 d5 3.Nc3 Nf6 4.e5 Nfd7 5.f4 c5 6.Nf3 Nc6 7.Be3 a6 8.Qd2 b5 9.a3 g5
10.fxg5 cxd4 11.Nxd4 Ncxe5 12.Nf3 Bg7 13.O-O-O Bb7 14.Kb1 O-O 15.Bd4 Rc8
16.Be2 Qc7 17.Rhf1  1/2-1/2

[Event "Chess City 10th Ann Open"]
[Site "Elista RUS"]
[Date "2008.09.17"]
[Round "2"]
[White "Kuzmin,Gen"]
[Black "Sarmutkin,S"]
[Result "1-0"]
[WhiteElo "2469"]
[BlackElo "2045"]

1.e4 e6 2.d4 d5 3.Nc3 Nf6 4.e5 Nfd7 5.Nce2 c5 6.c3 Nc6 7.Nf3 f6 8.exf6 Nxf6
9.g3 Bd6 10.Bg2 O-O 11.O-O e5 12.dxe5 Nxe5 13.Nxe5 Bxe5 14.Bf4 Qd6 15.Bxe5 Qxe5
16.Nf4 Bg4 17.Qa4 Bd7 18.Qa3 Qd6 19.Rad1 Bc6 20.Nxd5 Bxd5 21.c4 Kh8 22.Bxd5 Qc7
23.h3 a6 24.Bg2 Rad8 25.Rxd8 Rxd8 26.Re1 h5 27.Qe3 Rd4 28.b3 Qd7 29.Qe5 Rd1
30.Rxd1 Qxd1+ 31.Kh2 Qd2 32.Qxc5 Qxa2 33.Be4 Nxe4 34.Qxh5+ Kg8 35.Qe8+ Kh7
36.Qxe4+ Kg8 37.Qd5+ Kh7 38.Qd3+ Kg8 39.Kg2 a5  1-0

[Event "IV Geller Memorial"]
[Site "Odessa UKR"]
[Date "2008.09.17"]
[Round "9"]
[White "Pavlov,S2"]
[Black "Drozdovskij,Y"]
[Result "0-1"]
[WhiteElo "2433"]
[BlackElo "2587"]

1.e4 e6 2.d4 d5 3.Nc3 Nf6 4.e5 Nfd7 5.f4 c5 6.Nf3 Nc6 7.Be3 Qb6 8.Na4 Qa5+
9.c3 b6 10.a3 c4 11.b4 cxb3 12.Qxb3 Ba6 13.f5 Be7 14.Nb2 Rc8 15.Kf2 O-O 16.Bd3 Bxd3
17.Nxd3 Qa6 18.Nf4 Na5 19.Qc2 Rc6 20.h4 Rfc8 21.Ne2 b5 22.Rh3 Nc4 23.Bc1 f6
24.fxe6 Rxe6 25.Nf4 fxe5 26.Nxe6 Qxe6 27.dxe5 Ndxe5 28.Bg5 Bc5+ 29.Nd4 h6
30.Kg1 hxg5 31.hxg5 Qg6 32.Qf2 Nd6 33.Rf1 Ne4 34.Qh4 Nf7 35.Kh1 Bxd4 36.cxd4 Rc2
37.Rxf7 Kxf7 38.Qf4+ Ke7 39.Rh8 Nd6 40.Qe5+ Kd7 41.Qxd5 Qe4 42.Qxe4 Nxe4
43.Rg8 Kd6 44.Rxg7 Rc7 45.Rg8 Ke6 46.Re8+ Kf5 47.g6 Kf4 48.Kh2 Rg7 49.Re6 a5
50.Ra6 Rg8 51.g3+ Kf3 52.Re6 Rh8+ 53.Kg1 Nxg3 54.Rf6+ Ke3 55.Kg2 Ne2 56.d5 Nf4+
57.Kg3 Nh5+  0-1